[Event "Kronborg Chess Open 2023"]
[Site "Helsingor"]
[Date "2023.05.19"]
[Round "5"]
[White "Rostgaard, Tobias Valentin"]
[Black "Blomqvist, Erik"]
[Result "0-1"]
[WhiteElo "2322"]
[BlackElo "2521"]
[PlyCount "98"]
[EventDate "2023.05.17"]
[EventType "tourn"]
[EventRounds "9"]
[EventCountry "DEN"]
[SourceTitle "Live"]

1. d4 Nf6 2. Nf3 d5 3. Bf4 c5 4. e3 Nc6 5. Nbd2 Nh5 6. Be5 f6 7. Bg3 cxd4 8.
exd4 g6 9. c4 Be6 10. Qb3 Qd7 11. c5 g5 12. Bb5 g4 13. Ng1 Bh6 14. Ne2 O-O 15.
Rd1 Bf7 16. h3 a6 17. Bxc6 bxc6 18. hxg4 Qxg4 19. Rh4 Qg6 20. Qf3 Bg5 21. Rh2
e5 22. dxe5 Nxg3 23. Qxg3 fxe5 24. Qxe5 Rae8 25. Qg3 d4 26. Kf1 Bxa2 27. b3 Re3
28. Nf3 Bxb3 29. fxe3 Bxd1 30. Nf4 Bxf4 31. Qxg6+ hxg6 32. exf4 Rxf4 33. Kf2
Bxf3 34. gxf3 Kf7 35. Rh8 Rf5 36. Ke2 Rxc5 37. Kd3 Rc3+ 38. Kxd4 Rxf3 39. Rc8
Rf6 40. Rc7+ Ke6 41. Rxc6+ Kf5 42. Rc1 g5 43. Rf1+ Kg6 44. Rg1 a5 45. Ra1 a4
46. Ke5 Rf4 47. Ra2 Rb4 48. Ra1 g4 49. Rh1 Kg5 0-1

[Event "Kronborg Chess Open 2023"]
[Site "Helsingor"]
[Date "2023.05.19"]
[Round "5"]
[White "Kazakouski, Valery"]
[Black "Chen, Peng"]
[Result "1-0"]
[WhiteElo "2524"]
[BlackElo "2423"]
[PlyCount "129"]
[EventDate "2023.05.17"]
[EventType "tourn"]
[EventRounds "9"]
[EventCountry "DEN"]
[SourceTitle "Live"]

1. d4 Nf6 2. c4 c5 3. d5 e6 4. Nc3 exd5 5. cxd5 d6 6. e4 g6 7. f4 Bg7 8. Bb5+
Nfd7 9. a4 Na6 10. Nf3 Nb4 11. O-O a6 12. Be2 O-O 13. Kh1 Nf6 14. Qb3 Bg4 15.
h3 Bxf3 16. Bxf3 Nd7 17. Bd2 Qc7 18. Nd1 a5 19. Ne3 Nb6 20. Rfc1 Rfc8 21. Nc4
Nxc4 22. Rxc4 Qb6 23. Qa3 Re8 24. Rf1 Qa6 25. Be2 b5 26. axb5 Qxb5 27. Qf3 Qd7
28. Bc3 Bxc3 29. bxc3 Nc2 30. e5 dxe5 31. Bd1 e4 32. Rxe4 Rxe4 33. Qxe4 Na3 34.
Ba4 f5 35. Bxd7 fxe4 36. Re1 Nc4 37. Rxe4 a4 38. Bb5 Nb6 39. d6 a3 40. d7 Nxd7
41. Bxd7 a2 42. Be6+ Kf8 43. Bxa2 Rxa2 44. Kh2 Ra3 45. Rc4 Ra5 46. g4 Kf7 47.
Kg3 Kf6 48. Kf3 h5 49. Kg3 hxg4 50. hxg4 Rb5 51. g5+ Kf5 52. Kf3 Ke6 53. Re4+
Kd6 54. Re8 Kd5 55. f5 gxf5 56. g6 Rb7 57. Kf4 Rb1 58. Re5+ Kc4 59. Rxf5 Rg1
60. Rg5 Rf1+ 61. Ke5 Kxc3 62. g7 Re1+ 63. Kf6 Re8 64. Rxc5+ Kd4 65. Rg5 1-0

[Event "Kronborg Chess Open 2023"]
[Site "Helsingor"]
[Date "2023.05.19"]
[Round "5"]
[White "Suthandram R, Manu David"]
[Black "Hacker, Jonas"]
[Result "1/2-1/2"]
[WhiteElo "2332"]
[BlackElo "2435"]
[PlyCount "57"]
[EventDate "2023.05.17"]
[EventType "tourn"]
[EventRounds "9"]
[EventCountry "DEN"]
[SourceTitle "Live"]

1. e4 c5 2. Nf3 e6 3. c3 Nf6 4. e5 Nd5 5. d4 cxd4 6. cxd4 d6 7. exd6 Bxd6 8.
Nc3 Nxc3 9. bxc3 Qc7 10. Bd2 Nd7 11. Bd3 Bf4 12. Bxf4 Qxf4 13. Qb1 h6 14. Qb4
Qf6 15. Bb5 Qe7 16. Bxd7+ Qxd7 17. Ne5 Qe7 18. Qb5+ Kf8 19. O-O g6 20. Rfe1 Kg7
21. Qd3 Rf8 22. c4 Qg5 23. Re3 b6 24. Rg3 Qf5 25. Qa3 Qf6 26. Qc3 Kh7 27. Rd1
Qg7 28. Qf3 Ba6 29. Qc6 1/2-1/2

[Event "Kronborg Chess Open 2023"]
[Site "Helsingor"]
[Date "2023.05.19"]
[Round "6"]
[White "Hagen, Andreas Skytte"]
[Black "Kazakouski, Valery"]
[Result "1/2-1/2"]
[WhiteElo "2363"]
[BlackElo "2524"]
[PlyCount "112"]
[EventDate "2023.05.17"]
[EventType "tourn"]
[EventRounds "9"]
[EventCountry "DEN"]
[SourceTitle "Live"]

1. e4 c5 2. Nf3 Nc6 3. d4 cxd4 4. Nxd4 Nf6 5. Nc3 d6 6. Bg5 e6 7. Qd2 a6 8.
O-O-O Bd7 9. f4 b5 10. Bxf6 gxf6 11. Kb1 Qb6 12. Nxc6 Bxc6 13. f5 b4 14. Ne2 e5
15. Ng3 h5 16. h4 Qc5 17. Bd3 Bh6 18. Qe2 Ke7 19. Nxh5 Qe3 20. Qxe3 Bxe3 21. g4
Rag8 22. Bxa6 Rxg4 23. Nxf6 Rgxh4 24. Rxh4 Rxh4 25. Nd5+ Bxd5 26. exd5 Bc5 27.
Re1 Rd4 28. c3 bxc3 29. bxc3 Rd2 30. Re2 Rxd5 31. Bc4 Rd1+ 32. Kc2 Rg1 33. Rh2
Rg5 34. Bd3 d5 35. Kb3 e4 36. Bc2 Rxf5 37. c4 Re5 38. cxd5 e3 39. Bd3 Rxd5 40.
Bc4 Re5 41. Kc3 f5 42. Kd3 Re4 43. Kc3 Kf6 44. Bd3 Bb4+ 45. Kc2 Rd4 46. Rh5 e2
47. Bxe2 Rd2+ 48. Kb3 Rxe2 49. Kxb4 Rxa2 50. Kc3 Re2 51. Kd3 Re8 52. Rh1 f4 53.
Kd2 Kf5 54. Re1 Rh8 55. Ke2 Rh2+ 56. Kf3 Rh3+ 1/2-1/2

[Event "Kronborg Chess Open 2023"]
[Site "Helsingor"]
[Date "2023.05.19"]
[Round "6"]
[White "Thorfinnsson, Bjorn"]
[Black "Jacobsen, Mikkel Manosri"]
[Result "1-0"]
[WhiteElo "2364"]
[BlackElo "2341"]
[PlyCount "59"]
[EventDate "2023.05.17"]
[EventType "tourn"]
[EventRounds "9"]
[EventCountry "DEN"]
[SourceTitle "Live"]

1. d4 d5 2. c4 e6 3. Nf3 a6 4. Bg5 Be7 5. Bxe7 Nxe7 6. c5 Nd7 7. Nc3 O-O 8. e3
c6 9. Bd3 Qc7 10. e4 e5 11. Bc2 Rd8 12. b4 a5 13. exd5 Nxd5 14. Nxd5 cxd5 15.
a3 e4 16. Nd2 Ra6 17. Nf1 Rg6 18. Ne3 Nf6 19. h3 Ne8 20. g3 b6 21. Qd2 Qa7 22.
Rc1 Nc7 23. Bb3 axb4 24. axb4 bxc5 25. bxc5 Qa3 26. Rb1 Ba6 27. Qa2 Qb4+ 28.
Qd2 Qa3 29. Nc2 e3 30. fxe3 1-0

[Event "Kronborg Chess Open 2023"]
[Site "Helsingor"]
[Date "2023.05.19"]
[Round "6"]
[White "Rostgaard, Tobias Valentin"]
[Black "Pajeken, Jakob Leon"]
[Result "0-1"]
[WhiteElo "2322"]
[BlackElo "2417"]
[PlyCount "48"]
[EventDate "2023.05.17"]
[EventType "tourn"]
[EventRounds "9"]
[EventCountry "DEN"]
[SourceTitle "Live"]

1. d4 Nf6 2. c4 e6 3. Nf3 d5 4. Nc3 dxc4 5. e3 a6 6. Bxc4 b5 7. Bd3 Bb7 8. O-O
c5 9. Qe2 Nbd7 10. Rd1 Qb8 11. b3 Bd6 12. h3 O-O 13. Bb2 Rd8 14. Rac1 Qa7 15.
Bb1 Rac8 16. dxc5 Bxc5 17. Ng5 Qa8 18. f3 Qa7 19. Kf2 h6 20. Nge4 Nxe4+ 21.
Nxe4 Bxe4 22. Bxe4 f5 23. Bb1 f4 24. Qd3 Nf8 0-1

[Event "Kronborg Chess Open 2023"]
[Site "Helsingor"]
[Date "2023.05.19"]
[Round "6"]
[White "Chen, Peng"]
[Black "Suthandram R, Manu David"]
[Result "1-0"]
[WhiteElo "2423"]
[BlackElo "2332"]
[PlyCount "109"]
[EventDate "2023.05.17"]
[EventType "tourn"]
[EventRounds "9"]
[EventCountry "DEN"]
[SourceTitle "Live"]

1. e4 c5 2. Nf3 Nc6 3. Nc3 Nf6 4. Bb5 e5 5. Bxc6 bxc6 6. Nxe5 Qe7 7. Nf3 Nxe4
8. O-O Nxc3 9. dxc3 d6 10. Re1 Be6 11. Ng5 O-O-O 12. b4 cxb4 13. Rb1 Qd7 14.
Nxe6 fxe6 15. Qg4 d5 16. cxb4 e5 17. Qxd7+ Kxd7 18. Rxe5 Rb8 19. Bd2 Be7 20.
Rb3 Bf6 21. Re1 Rhe8 22. Rxe8 Rxe8 23. Kf1 Re4 24. Ra3 Rc4 25. c3 a5 26. bxa5
Be7 27. Rb3 Ra4 28. Rb7+ Ke8 29. Ra7 Bf6 30. a6 Rxa2 31. Ra8+ Kd7 32. Be3 Bxc3
33. Bb6 c5 34. a7 Kc6 35. Bxc5 Kxc5 36. Rc8+ Kd4 37. a8=Q Rxa8 38. Rxa8 Kd3 39.
Ra7 Bf6 40. Ke1 Kc2 41. Rd7 Bc3+ 42. Ke2 d4 43. f4 h5 44. f5 h4 45. g4 hxg3 46.
hxg3 Bb2 47. g4 Bc3 48. g5 Ba1 49. g6 Bb2 50. f6 d3+ 51. Rxd3 Bxf6 52. Ke3 Ba1
53. Ke4 Bb2 54. Rd7 Ba1 55. Kf5 1-0

[Event "Kronborg Chess Open 2023"]
[Site "Helsingor"]
[Date "2023.05.19"]
[Round "6"]
[White "Blomqvist, Erik"]
[Black "Hacker, Jonas"]
[Result "1-0"]
[WhiteElo "2521"]
[BlackElo "2435"]
[PlyCount "53"]
[EventDate "2023.05.17"]
[EventType "tourn"]
[EventRounds "9"]
[EventCountry "DEN"]
[SourceTitle "Live"]

1. d4 Nf6 2. Nf3 e6 3. Bf4 d5 4. e3 Bd6 5. Ne5 O-O 6. Nd2 c5 7. c3 Qc7 8. Bd3
Nc6 9. Ndf3 b6 10. h4 Bb7 11. h5 Ne4 12. h6 g6 13. Nxc6 Bxf4 14. exf4 Bxc6 15.
Qc1 Bb7 16. Qe3 cxd4 17. Nxd4 Nc5 18. Bc2 Bc6 19. O-O-O Bd7 20. Rhe1 a5 21. Kb1
b5 22. f5 Rae8 23. fxg6 fxg6 24. Nf3 Bc8 25. Ng5 Qf4 26. Qxf4 Rxf4 27. Rxd5 1-0

[Event "Kronborg Chess Open 2023"]
[Site "Helsingor"]
[Date "2023.05.20"]
[Round "7"]
[White "Suthandram R, Manu David"]
[Black "Hagen, Andreas Skytte"]
[Result "1/2-1/2"]
[WhiteElo "2332"]
[BlackElo "2363"]
[PlyCount "45"]
[EventDate "2023.05.17"]
[EventType "tourn"]
[EventRounds "9"]
[EventCountry "DEN"]
[SourceTitle "Live"]

1. e4 c5 2. Nf3 d6 3. d4 cxd4 4. Nxd4 Nf6 5. Nc3 a6 6. Be2 e5 7. Nb3 Be7 8. Be3
Be6 9. O-O O-O 10. f3 Nbd7 11. Nd5 Bxd5 12. exd5 b5 13. a4 Nb6 14. axb5 Nfxd5
15. Bf2 axb5 16. Rxa8 Qxa8 17. Bxb5 Rc8 18. Qd2 Qa2 19. Qc1 Nc4 20. Bxc4 Rxc4
21. Qd2 Nc7 22. Na5 Ra4 23. Bb6 1/2-1/2

[Event "Kronborg Chess Open 2023"]
[Site "Helsingor"]
[Date "2023.05.20"]
[Round "7"]
[White "Kazakouski, Valery"]
[Black "Thorfinnsson, Bjorn"]
[Result "1-0"]
[WhiteElo "2524"]
[BlackElo "2364"]
[PlyCount "120"]
[EventDate "2023.05.17"]
[EventType "tourn"]
[EventRounds "9"]
[EventCountry "DEN"]
[SourceTitle "Live"]

1. e4 e5 2. Nf3 Nc6 3. Bb5 a6 4. Ba4 Nf6 5. O-O Be7 6. d3 b5 7. Bb3 d6 8. a4
Rb8 9. axb5 axb5 10. Nc3 O-O 11. h3 Be6 12. Bxe6 fxe6 13. Bd2 Qd7 14. Ne2 d5
15. Ng3 Bd6 16. Qe2 d4 17. Ra6 Ra8 18. Rfa1 Rxa6 19. Rxa6 Nb8 20. Ra7 Qc6 21.
c3 Nbd7 22. Ra1 dxc3 23. bxc3 Ra8 24. Qd1 Nc5 25. Rxa8+ Qxa8 26. Qb1 Qa4 27.
Be3 Ncd7 28. Ne2 c5 29. Nd2 Nb6 30. g3 Nfd7 31. Kg2 h6 32. f4 Qa6 33. Ng1 exf4
34. gxf4 e5 35. fxe5 Nxe5 36. Ngf3 Nbd7 37. d4 Nxf3 38. Nxf3 b4 39. cxb4 Qe2+
40. Bf2 c4 41. e5 Be7 42. Qf5 Nf8 43. d5 Bxb4 44. Nd4 Qd2 45. e6 c3 46. h4 Kh8
47. Qe4 Be7 48. Kf1 Nh7 49. Qg6 Nf6 50. Nf5 Qd1+ 51. Be1 Qd3+ 52. Kg2 Qxd5+ 53.
Kf1 Qf3+ 54. Bf2 Qd1+ 55. Be1 Qd3+ 56. Kg2 Qe2+ 57. Bf2 Qg4+ 58. Qxg4 Nxg4 59.
Bd4 c2 60. Bxg7+ Kg8 1-0

[Event "Kronborg Chess Open 2023"]
[Site "Helsingor"]
[Date "2023.05.20"]
[Round "7"]
[White "Jacobsen, Mikkel Manosri"]
[Black "Rostgaard, Tobias Valentin"]
[Result "1-0"]
[WhiteElo "2341"]
[BlackElo "2322"]
[PlyCount "81"]
[EventDate "2023.05.17"]
[EventType "tourn"]
[EventRounds "9"]
[EventCountry "DEN"]
[SourceTitle "Live"]

1. c4 Nf6 2. g3 e6 3. Nf3 d5 4. Bg2 Be7 5. O-O O-O 6. b3 c5 7. cxd5 exd5 8. d4
Nc6 9. Bb2 Re8 10. Nc3 Bg4 11. dxc5 Bxc5 12. Rc1 Bf8 13. Na4 Ne4 14. Qd3 Nb4
15. Qb1 Bxf3 16. Bxf3 Nd2 17. Qa1 Nxf1 18. Rxf1 Qg5 19. Rd1 Rad8 20. Nc3 d4 21.
Ne4 Qf5 22. Qb1 d3 23. Nc3 Bc5 24. Kg2 Qg6 25. e4 Nc2 26. a3 f5 27. e5 Qe6 28.
b4 Bb6 29. Nb5 Bxf2 30. Nc7 Ne3+ 31. Kh1 Qb3 32. Rd2 Nc4 33. Bd1 Nxd2 34. Bxb3+
Nxb3 35. Qa2 d2 36. Qxb3+ Kf8 37. Qd1 Re7 38. Nb5 Rd5 39. Kg2 Be3 40. Nd6 Rc7
41. Qf3 1-0

[Event "Kronborg Chess Open 2023"]
[Site "Helsingor"]
[Date "2023.05.20"]
[Round "7"]
[White "Pajeken, Jakob Leon"]
[Black "Blomqvist, Erik"]
[Result "1-0"]
[WhiteElo "2417"]
[BlackElo "2521"]
[PlyCount "69"]
[EventDate "2023.05.17"]
[EventType "tourn"]
[EventRounds "9"]
[EventCountry "DEN"]
[SourceTitle "Live"]

1. d4 Nf6 2. Nf3 d5 3. c4 e6 4. e3 Be7 5. b3 O-O 6. Bb2 c5 7. dxc5 Bxc5 8. Be2
Qe7 9. O-O dxc4 10. Bxc4 Rd8 11. Qe2 a6 12. Nbd2 b5 13. Bd3 Bb7 14. a4 bxa4 15.
Rxa4 a5 16. Bxf6 Qxf6 17. Rf4 Qe7 18. Bxh7+ Kxh7 19. Rxf7 Qxf7 20. Ng5+ Kg8 21.
Nxf7 Kxf7 22. Qh5+ Kg8 23. Qxc5 Rxd2 24. Qe7 Nd7 25. Qxe6+ Kf8 26. h3 Nf6 27.
Rc1 Bd5 28. Rc8+ Rxc8 29. Qxc8+ Kf7 30. Qc7+ Kg6 31. Qxa5 Rd1+ 32. Kh2 Bxb3 33.
Qc3 Ba4 34. Qc4 Ra1 35. e4 1-0

[Event "Kronborg Chess Open 2023"]
[Site "Helsingor"]
[Date "2023.05.20"]
[Round "7"]
[White "Hacker, Jonas"]
[Black "Chen, Peng"]
[Result "1/2-1/2"]
[WhiteElo "2435"]
[BlackElo "2423"]
[PlyCount "64"]
[EventDate "2023.05.17"]
[EventType "tourn"]
[EventRounds "9"]
[EventCountry "DEN"]
[SourceTitle "Live"]

1. e4 c5 2. Nf3 d6 3. Bb5+ Nc6 4. O-O Bd7 5. Re1 Nf6 6. c3 a6 7. Bf1 Bg4 8. d4
cxd4 9. cxd4 d5 10. Nc3 e6 11. exd5 Nxd5 12. h3 Bxf3 13. Qxf3 Be7 14. Nxd5 exd5
15. Qb3 Qd7 16. Be3 O-O 17. Be2 Rad8 18. Bf3 f5 19. Bf4 Bf6 20. Be5 Bxe5 21.
dxe5 Nd4 22. Qd3 Ne6 23. Rac1 Ng5 24. e6 Nxe6 25. Re5 Nc7 26. Rce1 Rf7 27. Qd4
Qd6 28. Rd1 Qf6 29. a4 Rfd7 30. Rde1 g6 31. Qb4 d4 32. Qxb7 d3 1/2-1/2

[Event "Kronborg Chess Open 2023"]
[Site "Helsingor"]
[Date "2023.05.20"]
[Round "8"]
[White "Hagen, Andreas Skytte"]
[Black "Hacker, Jonas"]
[Result "0-1"]
[WhiteElo "2363"]
[BlackElo "2435"]
[PlyCount "78"]
[EventDate "2023.05.17"]
[EventType "tourn"]
[EventRounds "9"]
[EventCountry "DEN"]
[SourceTitle "Live"]

1. e4 c5 2. Nf3 e6 3. d4 cxd4 4. Nxd4 a6 5. Bd3 Bc5 6. Nb3 Ba7 7. O-O Nc6 8.
Qg4 Nf6 9. Qxg7 Rg8 10. Qh6 Ne5 11. Be2 b5 12. Bg5 Rg6 13. Qh4 Bb7 14. N1d2 Rc8
15. c3 h6 16. Bxf6 Rxf6 17. Nd4 Ng6 18. Qxh6 Nf4 19. Qh8+ Ke7 20. Qxd8+ Kxd8
21. Bf3 Rg6 22. g3 Nd3 23. e5 Bxf3 24. N2xf3 Nxb2 25. Rac1 Nd3 26. Rc2 Bxd4 27.
Nxd4 Nxe5 28. Kg2 Nc4 29. Kf3 Na3 30. Rcc1 Rg5 31. Ke4 Nc4 32. Kd3 Rgc5 33. f4
f5 34. h3 Nb2+ 35. Kd2 Nc4+ 36. Kd3 Ke7 37. g4 Rh8 38. Rf3 fxg4 39. hxg4 Rh2
0-1

[Event "Kronborg Chess Open 2023"]
[Site "Helsingor"]
[Date "2023.05.20"]
[Round "8"]
[White "Thorfinnsson, Bjorn"]
[Black "Suthandram R, Manu David"]
[Result "1-0"]
[WhiteElo "2364"]
[BlackElo "2332"]
[PlyCount "65"]
[EventDate "2023.05.17"]
[EventType "tourn"]
[EventRounds "9"]
[EventCountry "DEN"]
[SourceTitle "Live"]

1. d4 d6 2. Nf3 g6 3. Bg5 Bg7 4. e3 Nf6 5. Bd3 O-O 6. Nbd2 c6 7. c3 a5 8. Qc2
b6 9. h4 Nbd7 10. h5 Nxh5 11. Rxh5 gxh5 12. Bxh7+ Kh8 13. O-O-O Nf6 14. Bd3 Ng4
15. Rh1 Bh6 16. Rxh5 Kg7 17. Nh2 Rh8 18. Nxg4 Bxg4 19. Bxh6+ Rxh6 20. Rg5+ Kf8
21. Rxg4 Rh1+ 22. Nf1 Qd7 23. f3 e6 24. Qf2 Ke7 25. f4 Qe8 26. f5 Qh8 27. Qf3
Rc8 28. Kc2 d5 29. fxe6 fxe6 30. Qg3 Rh6 31. Rg7+ Kf8 32. Rb7 Qf6 33. Nd2 1-0

[Event "Kronborg Chess Open 2023"]
[Site "Helsingor"]
[Date "2023.05.20"]
[Round "8"]
[White "Rostgaard, Tobias Valentin"]
[Black "Kazakouski, Valery"]
[Result "0-1"]
[WhiteElo "2322"]
[BlackElo "2524"]
[PlyCount "78"]
[EventDate "2023.05.17"]
[EventType "tourn"]
[EventRounds "9"]
[EventCountry "DEN"]
[SourceTitle "Live"]

1. d4 Nf6 2. c4 e6 3. Nf3 d5 4. Nc3 c6 5. e3 Nbd7 6. Bd3 dxc4 7. Bxc4 b5 8. Bd3
a6 9. O-O c5 10. Qe2 Bb7 11. Rd1 Qb8 12. a3 Bd6 13. dxc5 Nxc5 14. Bc2 O-O 15.
e4 Ncd7 16. Bg5 Ne5 17. Bxf6 gxf6 18. Nxe5 Bxe5 19. Qh5 Rd8 20. Rxd8+ Qxd8 21.
Rd1 Qc7 22. Rd3 Bxe4 23. Nxe4 Qxc2 24. Qf3 Rc8 25. g3 f5 26. Nd2 Bxb2 27. h4
Qc7 28. Qh5 Bf6 29. Nf3 Rd8 30. Re3 Qc2 31. Qh6 Bg7 32. Qf4 Qc4 33. Qg5 Rd1+
34. Re1 h6 35. Qe7 Rxe1+ 36. Nxe1 Bf8 37. Qe8 Qc1 38. Kf1 Qxa3 39. Kg2 Qb4 0-1

[Event "Kronborg Chess Open 2023"]
[Site "Helsingor"]
[Date "2023.05.20"]
[Round "8"]
[White "Pajeken, Jakob Leon"]
[Black "Jacobsen, Mikkel Manosri"]
[Result "1-0"]
[WhiteElo "2417"]
[BlackElo "2341"]
[PlyCount "47"]
[EventDate "2023.05.17"]
[EventType "tourn"]
[EventRounds "9"]
[EventCountry "DEN"]
[SourceTitle "Live"]

1. d4 d5 2. c4 c6 3. Nf3 Nf6 4. e3 Bf5 5. Bd3 Bxd3 6. Qxd3 e6 7. O-O Nbd7 8.
Rd1 Be7 9. Nc3 O-O 10. e4 dxe4 11. Nxe4 c5 12. Be3 Nxe4 13. Qxe4 Qc7 14. Bf4
Qb6 15. d5 Rfd8 16. dxe6 fxe6 17. Bd6 Bf6 18. Qxe6+ Kh8 19. Qf5 Rac8 20. Rd2
Qa6 21. Rad1 Qxc4 22. Be5 Nxe5 23. Nxe5 Qg8 24. Rxd8 1-0

[Event "Kronborg Chess Open 2023"]
[Site "Helsingor"]
[Date "2023.05.20"]
[Round "8"]
[White "Blomqvist, Erik"]
[Black "Chen, Peng"]
[Result "1-0"]
[WhiteElo "2521"]
[BlackElo "2423"]
[PlyCount "75"]
[EventDate "2023.05.17"]
[EventType "tourn"]
[EventRounds "9"]
[EventCountry "DEN"]
[SourceTitle "Live"]

1. e4 g6 2. d4 Bg7 3. Nf3 d6 4. Be3 a6 5. c4 Bg4 6. Nbd2 Nd7 7. Qc2 c5 8. d5
Bxf3 9. Nxf3 b5 10. Be2 Rb8 11. Nd2 Ngf6 12. O-O O-O 13. a4 bxa4 14. Rxa4 Ne8
15. Rb1 a5 16. Nb3 Nb6 17. Nxa5 Nxa4 18. Nc6 Qc7 19. Nxb8 Qxb8 20. Qxa4 Nf6 21.
e5 dxe5 22. Bxc5 Ne4 23. Bb4 Qb6 24. Be1 Bh6 25. Qc2 f5 26. b4 Rc8 27. c5 Qa7
28. Qb2 Qb8 29. Qa2 Kf8 30. Ra1 Nf6 31. d6 exd6 32. Qe6 Bg7 33. Ra7 Qxa7 34.
Qxc8+ Ke7 35. c6 Qa1 36. Qb7+ Ke6 37. c7 Qxe1+ 38. Bf1 1-0

[Event "Kronborg Chess Open 2023"]
[Site "Helsingor"]
[Date "2023.05.21"]
[Round "9"]
[White "Hacker, Jonas"]
[Black "Thorfinnsson, Bjorn"]
[Result "0-1"]
[WhiteElo "2435"]
[BlackElo "2364"]
[PlyCount "128"]
[EventDate "2023.05.17"]
[EventType "tourn"]
[EventRounds "9"]
[EventCountry "DEN"]
[SourceTitle "Live"]

1. e4 e5 2. Nf3 Nc6 3. Bc4 Nf6 4. Ng5 d5 5. exd5 Na5 6. Bb5+ c6 7. dxc6 bxc6 8.
Bd3 Bd6 9. Ne4 Nxe4 10. Bxe4 f5 11. Bf3 e4 12. Bh5+ g6 13. d3 gxh5 14. Qxh5+
Kf8 15. Bg5 Qc7 16. Bh6+ Ke7 17. Bg5+ Kf8 18. Nc3 Be5 19. Bh6+ Bg7 20. dxe4
Bxh6 21. Qxh6+ Qg7 22. Qf4 Rg8 23. exf5 Qg5 24. Qb4+ Qe7+ 25. Qxe7+ Kxe7 26. g3
Bxf5 27. O-O-O Rad8 28. Rhe1+ Kf6 29. Ne4+ Bxe4 30. Rxe4 Rxd1+ 31. Kxd1 Rd8+
32. Kc1 c5 33. Rh4 Rd7 34. Rh5 Nb7 35. f4 Ke6 36. g4 Kd6 37. h4 Rf7 38. f5 Ke5
39. b3 Kf4 40. Rg5 Nd6 41. Rg8 Ne4 42. Kb2 Nf6 43. Rc8 Kxg4 44. Rxc5 Kxh4 45.
a4 h5 46. b4 Kg3 47. Rc3+ Kg2 48. Rc4 Rh7 49. Rc6 Rh6 50. b5 h4 51. a5 h3 52.
b6 axb6 53. axb6 Rh8 54. b7 Nd7 55. Rc8 Rh6 56. f6 h2 57. b8=Q Nxb8 58. Rxb8
Rxf6 59. Rg8+ Kf1 60. Rh8 Rf2 61. Kc3 Kg1 62. Kd3 h1=Q 63. Rxh1+ Kxh1 64. c4
Rf4 0-1

[Event "Kronborg Chess Open 2023"]
[Site "Helsingor"]
[Date "2023.05.21"]
[Round "9"]
[White "Suthandram R, Manu David"]
[Black "Rostgaard, Tobias Valentin"]
[Result "1-0"]
[WhiteElo "2332"]
[BlackElo "2322"]
[PlyCount "31"]
[EventDate "2023.05.17"]
[EventType "tourn"]
[EventRounds "9"]
[EventCountry "DEN"]
[SourceTitle "Live"]

1. e4 e5 2. Nf3 Nc6 3. Bc4 Bc5 4. O-O Nf6 5. d4 Bxd4 6. Nxd4 Nxd4 7. f4 d6 8.
fxe5 dxe5 9. Bg5 Be6 10. Na3 Qe7 11. c3 Nc6 12. Kh1 Bxc4 13. Bxf6 gxf6 14. Nxc4
Qc5 15. Qd3 Rg8 16. b4 1-0

[Event "Kronborg Chess Open 2023"]
[Site "Helsingor"]
[Date "2023.05.21"]
[Round "9"]
[White "Kazakouski, Valery"]
[Black "Pajeken, Jakob Leon"]
[Result "1/2-1/2"]
[WhiteElo "2524"]
[BlackElo "2417"]
[PlyCount "33"]
[EventDate "2023.05.17"]
[EventType "tourn"]
[EventRounds "9"]
[EventCountry "DEN"]
[SourceTitle "Live"]

1. e4 c5 2. Nf3 d6 3. Bb5+ Nd7 4. c4 a6 5. Ba4 Ngf6 6. Nc3 g6 7. d4 cxd4 8.
Nxd4 Bg7 9. O-O O-O 10. Bxd7 Bxd7 11. Qd3 Rc8 12. Bd2 Ng4 13. b3 Ne5 14. Qe3
Ng4 15. Qd3 Ne5 16. Qe3 Ng4 17. Qd3 1/2-1/2

[Event "Kronborg Chess Open 2023"]
[Site "Helsingor"]
[Date "2023.05.21"]
[Round "9"]
[White "Jacobsen, Mikkel Manosri"]
[Black "Blomqvist, Erik"]
[Result "0-1"]
[WhiteElo "2341"]
[BlackElo "2521"]
[PlyCount "114"]
[EventDate "2023.05.17"]
[EventType "tourn"]
[EventRounds "9"]
[EventCountry "DEN"]
[SourceTitle "Live"]

1. c4 e5 2. Nc3 Nf6 3. Nf3 Nc6 4. e3 Bb4 5. Nd5 Bd6 6. Nc3 Bb4 7. Nd5 Bd6 8.
Nc3 O-O 9. d3 Re8 10. Be2 b6 11. O-O Bb7 12. e4 h6 13. Be3 Bc5 14. a3 a5 15.
Rb1 d6 16. Ne1 Bc8 17. Nc2 a4 18. Ne1 Nd4 19. Bxd4 Bxd4 20. Nxa4 Bd7 21. Nc3
Bxc3 22. bxc3 Rxa3 23. Ra1 Ra5 24. Qc1 Qa8 25. Nc2 Qa7 26. Qb2 Ra8 27. Rfb1 Bc6
28. h4 Nd7 29. h5 Nc5 30. Rxa5 bxa5 31. Ne3 a4 32. Qa3 Rb8 33. Rb4 Na6 34.
Rxb8+ Qxb8 35. f3 Nc5 36. d4 Qb1+ 37. Kh2 Nxe4 38. fxe4 Qxe4 39. Qc1 a3 40. d5
Bd7 41. Bf3 Qf4+ 42. Kg1 a2 43. Kf2 e4 44. Qa3 exf3 45. g3 Qe5 46. Qxa2 Qxh5
47. Qa7 g5 48. Qxc7 g4 49. Qd8+ Kg7 50. Qh4 Qe5 51. Qd8 Qxc3 52. Qb6 Qd2+ 53.
Kf1 Qe2+ 54. Kg1 f2+ 55. Kh1 f1=Q+ 56. Nxf1 Qxf1+ 57. Kh2 Qh3+ 0-1